[Event "Arber op 7th"]
[Site "Bodenmais"]
[Date "2018.08.01"]
[Round "5"]
[White "Hoffmann, Sebastian1"]
[Black "Froeschle, Andreas"]
[Result "1-0"]
[WhiteElo "2174"]
[BlackElo "1869"]
[PlyCount "33"]
[EventDate "2018.07.28"]
[EventType "swiss"]
[EventRounds "9"]
[EventCountry "GER"]
[SourceTitle "CBM 185 Extra"]
[Source "ChessBase"]
[SourceDate "2018.07.29"]
[SourceVersion "1"]
[SourceVersionDate "2018.07.29"]
[SourceQuality "1"]

1. e4 d6 2. d4 Nf6 3. Nc3 Nbd7 4. f4 e5 5. Nf3 exd4 6. Qxd4 c6 7. Be3 d5 8. 0-0-0 c5 9. Qa4 d4 10. Nxd4 cxd4 11. Bxd4 Qc7 12. Be5 Qb6 13. Bb5 Bc5 14. Bxf6 0-0 15. Nd5 Be3+ 16. Kb1 Qc5 17. Be7 1-0

[Event "Regionalliga Sued-Ost 1718"]
[Site "Bayern"]
[Date "2017.11.12"]
[Round "2.8"]
[White "Froeschle, Andreas"]
[Black "Gruber, Helmut"]
[Result "1-0"]
[WhiteElo "1869"]
[BlackElo "1691"]
[PlyCount "49"]
[EventDate "2017.10.22"]
[EventType "team-tourn"]
[EventRounds "9"]
[EventCountry "GER"]
[SourceTitle "EXT 2022"]
[Source "ChessBase"]
[SourceDate "2021.10.06"]
[SourceVersion "1"]
[SourceVersionDate "2021.10.06"]
[SourceQuality "1"]
[WhiteTeam "Ilmmuenster"]
[BlackTeam "Bayerwald Regen/Zwiesel"]
[WhiteTeamCountry "GER"]
[BlackTeamCountry "GER"]

1. e4 c5 2. Nf3 Nc6 3. Nc3 d6 4. d4 cxd4 5. Nxd4 Nf6 6. Be3 a6 7. Be2 e5 8. Nb3 Be7 9. 0-0 0-0 10. f4 b5 11. Bf3 Bb7 12. Nd5 Nxd5 13. exd5 Na5 14. Nxa5 Qxa5 15. fxe5 dxe5 16. d6 Bxf3 17. Rxf3 Rad8 18. Rh3 Rxd6 19. Qh5 h6 20. Rg3 Kh7 21. Qxe5 Bf6 22. Qxd6 Rd8 23. Bb6 Qxb6+ 24. Qxb6 Bd4+ 25. Qxd4 1-0

[Event "Regionalliga SO 1011"]
[Site "Bayern"]
[Date "2011.02.06"]
[Round "6.8"]
[White "Froeschle, Andreas"]
[Black "Reich, Christian"]
[Result "1-0"]
[WhiteElo "1826"]
[BlackElo "1647"]
[PlyCount "73"]
[EventDate "2010.10.10"]
[EventType "team-tourn"]
[EventRounds "9"]
[EventCountry "GER"]
[SourceTitle "EXT 2012"]
[Source "ChessBase"]
[SourceDate "2011.11.24"]
[SourceVersion "1"]
[SourceVersionDate "2011.11.24"]
[SourceQuality "1"]
[WhiteTeam "Ilmmuenster"]
[BlackTeam "Straubing"]
[WhiteTeamCountry "GER"]
[BlackTeamCountry "GER"]

1. e4 c5 2. Nf3 Nc6 3. Nc3 e5 4. Bc4 d6 5. d3 h6 6. 0-0 Nf6 7. Nh4 Nd4 8. h3 g5 9. Nf5 Nxf5 10. exf5 Bxf5 11. Qf3 Be6 12. Bb5+ Nd7 13. Qxb7 Qc8 14. Qf3 Be7 15. Nd5 Bxd5 16. Qxd5 0-0 17. h4 Nb6 18. Qf3 Kg7 19. hxg5 hxg5 20. Qg3 f6 21. f4 Qd8 22. fxg5 fxg5 23. Rxf8 Kxf8 24. Be3 Kg7 25. Rf1 Rc8 26. Qf3 Bf6 27. c4 Rc7 28. Bc6 Qe7 29. Be4 Nd7 30. Qh5 Nf8 31. Rf5 Ne6 32. Rf3 Nf4 33. Bxf4 exf4 34. Qg6+ Kf8 35. Rh3 Qg7 36. Qf5 Qe7 37. Rh8+ 1-0